Top 20 Travis Scott Song - Statistics

General Stats
  • This quiz has been taken 27 times
  • The average score is 10 of 20
Answer Stats
# Album Score Song % Correct
15 Birds In The TrapSing McKnight 91 Goosebumps
82%
5 Astroworld 92 Sicko mode
77%
1 Rodeo 98 90210
68%
7 Utopia 92 My eyes
68%
6 Astroworld 92 Stargazing
68%
8 Rodeo 92 Antidote
64%
2 Rodeo 95 Nightcrawler
59%
14 Rodeo 91 Apple Pie
50%
20 Utopia 89 Telekinesis
50%
13 Rodeo 91 3500
45%
11 Days Before Rodeo 91 Drugs YouShould Try It
45%
4 Rodeo 92 Maria im drunk
45%
16 Rodeo 90 Pornography
45%
12 Astroworld 91 Skeletons
45%
9 Rodeo 91 Oh my dis side
41%
17 Utopia 90 Hyaena
36%
18 Birds in The Trap Sing McKnight 90 Pick up the phone
36%
19 Rodeo 90 Pray 4 Love
36%
10 Astroworld 91 Stop TryingTo Be God
36%
3 Rodeo 94 Ok alright
32%
No matching quizzes found
Score Distribution
Percent of People with Each Score
Percentile by Number Answered
Your Score History
You have not taken this quiz